Mitr Shah Baalu (Record no. 1679335)

MARC details
000 -LEADER
fixed length control field 00687 a2200229 4500
005 - DATE AND TIME OF LATEST TRANSACTION
control field 20260413124458.0
008 - FIXED-LENGTH DATA ELEMENTS--GENERAL INFORMATION
fixed length control field 260413b |||||||| |||| 00| 0 eng d
020 ## - INTERNATIONAL STANDARD BOOK NUMBER
International Standard Book Number 9788119533435 (pbk)
037 ## - SOURCE OF ACQUISITION
Terms of availability TB
040 ## - CATALOGING SOURCE
Original cataloging agency CRL
Transcribing agency CRL
041 ## - LANGUAGE CODE
Source of code URD
Language code of text/sound track or separate title URD
084 ## - COLON CLASSIFICATION NUMBER
Classification number O168,3NABx R4
Assigning agency CRL
100 ## - MAIN ENTRY--PERSONAL NAME
Personal name Mohammad Abbas
9 (RLIN) 1115246
245 ## - TITLE STATEMENT
Title Mitr Shah Baalu
260 ## - PUBLICATION, DISTRIBUTION, ETC.
Place of publication, distribution, etc. Delhi, India:
Name of publisher, distributor, etc. Arshia Publications,
Date of publication, distribution, etc. 2024.
300 ## - PHYSICAL DESCRIPTION
Extent 143p.
365 ## - TRADE PRICE
Price amount 250.00
Currency code INR
650 ## - SUBJECT ADDED ENTRY--TOPICAL TERM
Topical term or geographic name entry element Urdu Literature
650 ## - SUBJECT ADDED ENTRY--TOPICAL TERM
Topical term or geographic name entry element Urdu Fiction
942 ## - ADDED ENTRY ELEMENTS (KOHA)
Koha item type Textbook
Source of classification or shelving scheme Colon Classification (CC)
Classification part O168,3NABx R4
Holdings
Withdrawn status Lost status Source of classification or shelving scheme Damaged status Not for loan Home library Current library Date acquired Source of acquisition Cost, normal purchase price Inventory number Total Checkouts Full call number Barcode Date last seen Cost, replacement price Price effective from Koha item type
    Colon Classification (CC)     Central Library Central Library 2026-02-16 Nadwi Publications 200.00 2042 & 14.02.2026   O168,3NABx R4 CL1926039 2026-02-16 250.00 2026-02-16 Textbook
Copyright @ Delhi University Library System